Science Quiz

Random Science or Elements Quiz

Elements by Discovery Date Quiz Stats

Quiz not verified by Sporcle

Challenge
Share
Tweet
Embed
Score 0/113 Timer 11:00
0 Plays Today
Atomic No. Element % Correct
29Copper
83.3%
6Carbon
77.8%
1Hydrogen
77.8%
79Gold
72.2%
82Lead
66.7%
26Iron
66.7%
47Silver
61.1%
50Tin
61.1%
12Magnesium
61.1%
8Oxygen
61.1%
16Sulfur
55.6%
80Mercury
55.6%
15Phosphorus
55.6%
27Cobalt
55.6%
28Nickel
55.6%
7Nitrogen
55.6%
4Beryllium
55.6%
5Boron
55.6%
9Fluorine
55.6%
3Lithium
55.6%
2Helium
55.6%
51Antimony
50%
33Arsenic
50%
30Zinc
50%
78Platinum
50%
17Chlorine
50%
19Potassium
50%
20Calcium
50%
14Silicon
50%
10Neon
50%
22Titanium
44.4%
11Sodium
44.4%
13Aluminium
44.4%
83Bismuth
38.9%
25Manganese
38.9%
21Scandium
38.9%
18Argon
38.9%
36Krypton
38.9%
Atomic No. Element % Correct
84Polonium
38.9%
88Radium
38.9%
93Neptunium
38.9%
94Plutonium
38.9%
92Uranium
33.3%
24Chromium
33.3%
23Vanadium
33.3%
35Bromine
33.3%
31Gallium
33.3%
54Xenon
33.3%
43Technetium
33.3%
95Americium
33.3%
97Berkelium
33.3%
99Einsteinium
33.3%
103Lawrencium
33.3%
104Rutherfordium
33.3%
48Cadmium
27.8%
34Selenium
27.8%
90Thorium
27.8%
32Germanium
27.8%
86Radon
27.8%
100Fermium
27.8%
42Molybdenum
22.2%
52Tellurium
22.2%
38Strontium
22.2%
45Rhodium
22.2%
53Iodine
22.2%
37Rubidium
22.2%
62Samarium
22.2%
89Actinium
22.2%
85Astatine
22.2%
98Californium
22.2%
102Nobelium
22.2%
106Seaborgium
22.2%
112Copernicium
22.2%
56Barium
16.7%
39Yttrium
16.7%
46Palladium
16.7%
Atomic No. Element % Correct
57Lanthanum
16.7%
44Ruthenium
16.7%
91Protactinium
16.7%
87Francium
16.7%
96Curium
16.7%
105Dubnium
16.7%
109Meitnerium
16.7%
74Tungsten
11.1%
40Zirconium
11.1%
73Tantalum
11.1%
76Osmium
11.1%
77Iridium
11.1%
58Cerium
11.1%
65Terbium
11.1%
68Erbium
11.1%
55Cesium
11.1%
81Thallium
11.1%
49Indium
11.1%
67Holmium
11.1%
70Ytterbium
11.1%
69Thulium
11.1%
101Mendelevium
11.1%
110Darmstadtium
11.1%
111Roentgenium
11.1%
116Livermorium
11.1%
64Gadolinium
5.6%
59Praseodymium
5.6%
60Neodymium
5.6%
66Dysprosium
5.6%
63Europium
5.6%
71Lutetium
5.6%
75Rhenium
5.6%
72Hafnium
5.6%
61Promethium
5.6%
107Bohrium
5.6%
108Hassium
5.6%
114Flerovium
5.6%

You're not logged in!

Compare scores with friends on all Sporcle quizzes.
Join for Free
OR
Log In

You Might Also Like...

Show Comments

Extras

Top Quizzes Today


Score Distribution

Your Account Isn't Verified!

In order to create a playlist on Sporcle, you need to verify the email address you used during registration. Go to your Sporcle Settings to finish the process.

Report this User

Report this user for behavior that violates our Community Guidelines.

Details: